Being Church : (Record no. 10015)

MARC details
000 -LEADER
fixed length control field 02344nam a22002417a 4500
003 - CONTROL NUMBER IDENTIFIER
control field GBCCL
005 - DATE AND TIME OF LATEST TRANSACTION
control field 20241126110723.0
008 - FIXED-LENGTH DATA ELEMENTS--GENERAL INFORMATION
fixed length control field 240109b ||||| |||| 00| 0 eng d
020 ## - INTERNATIONAL STANDARD BOOK NUMBER
International Standard Book Number 9780281069361
020 ## - INTERNATIONAL STANDARD BOOK NUMBER
International Standard Book Number 0281069360
040 ## - CATALOGING SOURCE
Transcribing agency gbc
082 ## - DEWEY DECIMAL CLASSIFICATION NUMBER
Classification number 230.042
Item number GRE
100 ## - MAIN ENTRY--PERSONAL NAME
Personal name Greenwood, Robin
9 (RLIN) 17389
245 ## - TITLE STATEMENT
Title Being Church :
Remainder of title the formation of Christian community /
Statement of responsibility, etc. Robin Greenwood
260 ## - PUBLICATION, DISTRIBUTION, ETC.
Place of publication, distribution, etc. New York,
Name of publisher, distributor, etc. SPCK,
Date of publication, distribution, etc. 2013
300 ## - PHYSICAL DESCRIPTION
Extent 281 pages
505 ## - FORMATTED CONTENTS NOTE
Formatted contents note Being Church offers ideas and strategies, based on real experience and detailed reflection, on processes that offer support and challenge to church leaders and especially clergy, whether parish clergy, or diocesan advisers, or bishops. Through the guiding metaphor of Presiding the book shows how to empower the laos, the whole people of God, clergy and laity together. It gives guidance on drawing out confident leadership, centred discipleship, mutual affirmation, a sense of being on a journey towards and with God, discerning local churches direction, sense of identity, and the courage to
505 ## - FORMATTED CONTENTS NOTE
Formatted contents note Cover; Praise for this Book; Title page; Imprint; Dedication; Table of contents; About the author; Acknowledgements; Introduction; 1. Finding how to be Church again: key virtues of a God-centred Christian community; 2. God's people on the move: genuine innovation requires a new way of seeing everything; 3. A listening Church: learning from the wisdom of mystics and organizational theorists; 4. Learning together: choosing cooperation rather than competition; 5. Formed in the walking of Jesus: community formed in encountering and being healed by Jesus. 6. From strategies to virtues: choosing and living practices to build the Church's character and purpose7. Grown-up Church: maturing through personal and corporate awareness; 8. The unresolved dilemma: baptismal promises and ordination vows; 9. Virtues and habits of churches and priests: taking responsibility together for being Church; 10. Spirit-led community: growing in hospitality and love through sharing in the Eucharist; 11. Open and pastoral: Church as the giving and receiving of love; 12. Communicating: letting down barriers and being real
650 ## - SUBJECT ADDED ENTRY--TOPICAL TERM
Topical term or geographic name entry element Catholic Church
9 (RLIN) 13398
650 ## - SUBJECT ADDED ENTRY--TOPICAL TERM
Topical term or geographic name entry element Catholic Church
Form subdivision Miscellanea
9 (RLIN) 17390
650 ## - SUBJECT ADDED ENTRY--TOPICAL TERM
Topical term or geographic name entry element Church
9 (RLIN) 263
942 ## - ADDED ENTRY ELEMENTS (KOHA)
Source of classification or shelving scheme Dewey Decimal Classification
Koha item type Books
Koha issues (borrowed), all copies 1
Holdings
Withdrawn status Lost status Source of classification or shelving scheme Damaged status Not for loan Home library Current Library Shelving location Date acquired Total checkouts Full call number Barcode Date last seen Date last checked out Copy number Price effective from Koha item type
    Dewey Decimal Classification     GRACE BIBLE COLLEGE GRACE BIBLE COLLEGE Theology 2024-01-27 1 230.042 GRE 020558 2025-05-01 2024-07-22 c.1 2024-01-27 Books
© Grace Bible College Library 2025